000 02598nab a2200253 i 4500
003 BR-BrBNA
005 20250423100033.0
008 250423b2017 bl.qr|pooa||| 00| 0 eng |
040 _aBR-BrBNA
_beng
072 _aF70
100 _aOliveira, Fernanda Maria Cordeiro de
100 _aTardivo, Rosângela Capuano
245 _aGenus Quesnelia (Bromeliaceae, Bromelioideae) of Paraná State, Brazil
500 _aPublicação on-line; 30 ref.; 6 illus.; Summaries (En, Pt)
520 _a Abstract Quesnelia is a genus of the subfamily Bromelioideae (Bromeliaceae) with 20 species endemic to Brazil occurring from the south portion of the state of Bahia to the northern portion of the state of Santa Catarina. Quesnelia is subdivided into two subgenera: Quesnelia subg. Quesnelia and Quesnelia subg. Billbergiopsis. The purpose of this work was to conduct a taxonomic study of Quesnelia species from Paraná state (southern Brazil) along with morphological and taxonomic analysis of in vivo material and specimens in herbaria collections. Three taxa were found: Quesnelia humilis, Q. imbricata and Q. testudo. This work presents identification keys, morphological descriptions, geographical distribution, comments, illustrations and the conservation status of the studied taxa. Key words: flora, monocotyledons, Southern Brazil. Resumo Quesnelia pertence à subfamília Bromelioideae (Bromeliaceae) com 20 espécies, endêmicas do Brasil ocorrendo desde o sul da Bahia até o norte de Santa Catarina, enquadradas em dois subgêneros: Quesnelia subg. Quesnelia e Quesnelia subg. Billbergiopsis. Um estudo taxonômico do gênero para o Paraná foi realizado, consistindo de pesquisa bibliográfica, estudo morfológico e taxonômico de material in vivo e de exemplares das coleções de diversos herbários. São reconhecidos três táxons: Quesnelia humilis, Q. imbricata e Q. testudo. Chaves de identificação, descrições morfológicas, distribuição geográfica, comentários, ilustrações e o status de conservação dos táxons estudados são apresentados. Palavras-chave: flora, monocotiledôneas, Sul do Brasil.
650 _aFLORA
650 _aMONOCOTILEDÔNEA
650 _aSUL
650 _aBRASIL
773 0 _0709
_9349992
_dRio de Janeiro-RJ Jardim Botanico do Rio de Janeiro 1935
_o2025-2514
_tRodriguésia (Brazil)
_x0370-6583; 2175-7860 on-line
_gv. 68(1) p. 195-207; (2017)
_wBR2025000746
856 _uhttps://www.scielo.br/j/rod/a/RCStDPVVqX5F8SSrdj6gjfb/?format=pdf&lang=en
942 _cANA
999 _c331158
_d331158